| 000 | 00624cam a2200205 a 4500 | ||
|---|---|---|---|
| 999 |
_c57433 _d57433 |
||
| 001 | 16125751 | ||
| 005 | 20221107120318.0 | ||
| 008 | 100309s2014 maua b 001 0 eng | ||
| 020 | _a 9780878939787 X | ||
| 041 | _aeng | ||
| 080 | _a573.7.017+611.013 G-58 | ||
| 100 | 1 |
_aGilbert, Scott F., _d _98619 |
|
| 245 | 1 | 0 |
_aDevelopmental biology / _cScott F. Gilbert. |
| 250 | _a9th ed. | ||
| 264 |
_aSunderland, Mass. : _bSinauer Associates, _c2010. |
||
| 300 |
_a719, [80] p. : _bill. (chiefly col.) ; _c29 cm. |
||
| 653 | _aემბრიოლოგია | ||
| 653 | _aმედიცინა | ||
| 942 |
_2udc _cBK |
||